Catálogo

CONTRA LA POBREZA : (Registro nro. 29081)

Detalles MARC
000 -LEADER
fixed length control field 00466nam a2200181 a 4500
001 - CONTROL NUMBER
control field 29081
005 - DATE AND TIME OF LATEST TRANSACTION
control field 20180713232053.0
008 - FIXED-LENGTH DATA ELEMENTS--GENERAL INFORMATION
fixed length control field 140415s1993 000 0 spa d
020 ## - INTERNATIONAL STANDARD BOOK NUMBER
International Standard Book Number 844812727*7
041 ## - LANGUAGE CODE
Language code of text/sound track or separate title spa
082 ## - DEWEY DECIMAL CLASSIFICATION NUMBER
Classification number 320.9720639
Item number CON
100 1# - MAIN ENTRY--PERSONAL NAME
Personal name TREJO, GUILLERMO
245 10 - TITLE STATEMENT
Title CONTRA LA POBREZA :
Remainder of title CONTRA LA POBREZA
250 ## - EDITION STATEMENT
Edition statement 1a ed.
260 ## - PUBLICATION, DISTRIBUTION, ETC.
Place of publication, distribution, etc. [s.l.] :
Name of publisher, distributor, etc. MC GRAW HILL,
Date of publication, distribution, etc. 1993
300 ## - PHYSICAL DESCRIPTION
Extent 309
Dimensions 16 x 3 x 22
520 ## - SUMMARY, ETC.
Summary, etc. CG
Existencias
Withdrawn status Lost status Source of classification or shelving scheme Damaged status Not for loan Collection code Home library Current library Shelving location Date acquired Source of acquisition Total Checkouts Full call number Barcode Price effective from Koha item type
    Dewey Decimal Classification     General Tehuacán Tehuacán Sala general 03/12/2013 Compra   320.9720639 CON 50293 03/12/2013 Libro